00390nam a2200157Ia 4500008004100000020001800041040001900059041001200078082002400090245001200114260002800126300002200154504001900176650001900195850001800214131103s9999 xx 000 0 und d a0 435 14891 5 aLoreto College aEnglish a821/THObLCBED/5120 aTell II aLondonbHeinemannc1971 avii,121p c 22cm. aIncludes index aEnglish poetry aLCBED/821/THO